02616cab a2200313Ia 4500001000800000003000600008008004100014040000800055041001300063090002400076100005000100240010500150245014800255300001800403504002500421520135800446546002301804650004501827650001501872700005101887700005301938700005101991700006002042773009602102856006902198596000602267942001202273999001702285u195508SIRSI110704s2011 ua ss b eng d aEAL aengbara aART MUJPPP V2 No3 11 aيوسف، أسمهان السعيد.‪‪10aMansoura university journal of plant protection and pathology, 2011 v. 2 (3)h[electronic resource].10aStudies on selection and resistance mechanism by abamectin and etoxazole in Tetranychus urticae (Acari : Tetranychidae)h[electronic resource]. aP. 249 - 256. aIncludes references. aThis investigation was conductedto study the mode of development of resistance Tetranychus urticae against acaricides. A T. urticae strain was collected from cotton plants grown in the experimental farm of Sakha. After ten generations of selection with abamectin and etoxazole under laboratory conditions, the resistance strain to abamectin and etoxazole started slowly in the first generation until the fourth generation, then began to increase gradually increase until reached the highest peak at the end of the tenth generation ( developed 140 and 37.45 fold resistance, respectively), suggesting that these glutathione-S-transferase (GST), acid phosphate, alkaline phosphate, ATPase and AChE enzymes are important in conferring abamectin and etoxazole resistance in Tetranychus urticae. The major resistance mechanism to abamectin was the increasing activities of glutathione-S-transferase (GST), acid phosphate, alkaline phosphate, ATPase and AChE. The activity in resistance strain developed 602.35, 203.52, 143.87, 8.93, and 1.31 fold comparable to that in the susceptible strain, respectively, with a percentage of increase equal to 419.38 % for alkaline phosphate. The activity of GST in the resistance strain for etoxazole developed 381.56 fold when compared with the susceptible strain. While the percentage of increase was 163.82 % for AChE. aSummary in Arabic. 0aTetranychus urticaexBiological control. 0aAbamectin.1 aبرعي، حسين عبد المنعم.‪‪1 aحماد، مصطفى عبد الستار.‪‪1 aعارف، صفوت عبد السلام.‪‪1 aفرج، عبد السلام عبد السلام.‪‪0 tMansoura University Journal of Plant Protection and Pathology. g2011.v.2(3)7nnaswu18349440uhttp://nile.enal.sci.eg/EALE/2011/MUJPPP/211/3/.pdfzIN PROCESS. a1 cAR2lcc c48649d48649